[Event "Sueca op 7th"]
[Site "Sueca"]
[Date "2023.08.09"]
[Round "4"]
[White "Bertomeu Ginestar, Antoni"]
[Black "Martin Ayala, David"]
[Result "1-0"]
[WhiteElo "1982"]
[BlackElo "1891"]
[PlyCount "61"]
[EventDate "2023.08.07"]
[EventType "swiss"]
[EventRounds "9"]
[EventCountry "ESP"]
[SourceTitle "CBM 215 Extra"]
[Source "ChessBase"]
[SourceDate "2023.09.30"]
[SourceVersion "1"]
[SourceVersionDate "2023.09.30"]
[SourceQuality "1"]

1. e4 d5 2. exd5 Nf6 3. d4 Nxd5 4. c4 Nb6 5. Nf3 g6 6. Nc3 Bg7 7. c5 Nd5 8. Bc4 c6 9. h3 0-0 10. 0-0 Nxc3 11. bxc3 b5 12. Bb3 a5 13. a3 Qc7 14. Re1 e6 15. Bg5 Nd7 16. Be7 Re8 17. Bd6 Qd8 18. Nd2 Nf6 19. Qf3 Nd5 20. Qg3 f5 21. Bxd5 exd5 22. Nf3 Be6 23. Re2 Bf6 24. Rae1 Qd7 25. Be5 Qf7 26. Bxf6 Qxf6 27. Qd6 Kf7 28. Rxe6 Rxe6 29. Rxe6 Qd8 30. Ne5+ Kg8 31. Rxg6+ 1-0

[Event "Sueca op 7th"]
[Site "Sueca"]
[Date "2023.08.09"]
[Round "3"]
[White "Martin Ayala, David"]
[Black "Guzman Fuentes, Encarna"]
[Result "1-0"]
[WhiteElo "1891"]
[BlackElo "1495"]
[PlyCount "69"]
[EventDate "2023.08.07"]
[EventType "swiss"]
[EventRounds "9"]
[EventCountry "ESP"]
[SourceTitle "CBM 215 Extra"]
[Source "ChessBase"]
[SourceDate "2023.09.30"]
[SourceVersion "1"]
[SourceVersionDate "2023.09.30"]
[SourceQuality "1"]

1. Nf3 d5 2. d4 Nf6 3. e3 e6 4. Bd3 c5 5. c3 Nc6 6. 0-0 Be7 7. Re1 0-0 8. Nbd2 b6 9. Ne5 Nxe5 10. dxe5 Nd7 11. f4 f5 12. exf6 Nxf6 13. e4 Bb7 14. e5 Ne4 15. Qg4 c4 16. Bxe4 Bc5+ 17. Kh1 dxe4 18. Nxe4 Bxe4 19. Rxe4 Qd5 20. Qf3 Rad8 21. Be3 Rf7 22. Re1 Rfd7 23. Bd4 Qc6 24. Qe3 Rd5 25. h3 b5 26. Bxc5 Rxc5 27. Rd4 Rdd5 28. Red1 a5 29. f5 b4 30. Qg5 Qd7 31. f6 Qf7 32. fxg7 Qxg7 33. Qh5 Qf7 34. Qh4 Qc7 35. Rg4+ 1-0

[Event "Monteolivete op 3rd"]
[Site "Alboraia"]
[Date "2023.07.21"]
[Round "6"]
[White "Kazarian, Anna Maja"]
[Black "Martin Ayala, David"]
[Result "1-0"]
[WhiteElo "2187"]
[BlackElo "1943"]
[PlyCount "73"]
[EventDate "2023.07.17"]
[EventType "swiss"]
[EventRounds "9"]
[EventCountry "ESP"]
[SourceTitle "CBM 215 Extra"]
[Source "ChessBase"]
[SourceDate "2023.09.30"]
[SourceVersion "1"]
[SourceVersionDate "2023.09.30"]
[SourceQuality "1"]

1. e4 d5 2. exd5 Nf6 3. d4 Nxd5 4. Nf3 g6 5. g3 Bg7 6. Bg2 0-0 7. 0-0 c6 8. Re1 Bg4 9. h3 Bxf3 10. Bxf3 Re8 11. c3 a5 12. a4 Nd7 13. Qb3 N7b6 14. Bd2 Qc7 15. Kg2 Rad8 16. Na3 h5 17. Nc2 e5 18. c4 Nb4 19. Nxb4 axb4 20. Bxb4 e4 21. Bxe4 Bxd4 22. Rad1 Nc8 23. c5 Re6 24. Bf3 Rxe1 25. Rxe1 h4 26. gxh4 Ne7 27. Ba5 Qxa5 28. Rxe7 Rf8 29. Qc4 Qxc5 30. Qxc5 Bxc5 31. Rxb7 Rd8 32. b4 Bf8 33. a5 Rd4 34. a6 Rd2 35. a7 Ra2 36. Bxc6 f5 37. Bd5+ 1-0

[Event "Quart Poblet op 2nd Blitz"]
[Site "Quart de Poblet"]
[Date "2019.08.10"]
[Round "4.8"]
[White "Martin Ayala, David"]
[Black "Fernandez Garcia, Leon"]
[Result "1-0"]
[WhiteElo "2058"]
[BlackElo "1644"]
[PlyCount "119"]
[EventDate "2019.08.10"]
[EventType "swiss (blitz)"]
[EventRounds "9"]
[EventCountry "ESP"]
[SourceTitle "EXT 2024"]
[Source "ChessBase"]
[SourceDate "2023.10.10"]
[SourceVersion "1"]
[SourceVersionDate "2023.10.10"]
[SourceQuality "1"]

1. Nf3 d5 2. d4 Nf6 3. Bg5 e6 4. Nbd2 Bd6 5. e3 c6 6. c3 Nbd7 7. Bd3 b6 8. Qe2 Qc7 9. Rc1 b5 10. e4 dxe4 11. Nxe4 Bf4 12. Bxf4 Qxf4 13. 0-0 0-0 14. g3 Qg4 15. c4 a6 16. c5 Nxe4 17. Qxe4 Qxe4 18. Bxe4 Bb7 19. Rfd1 Nf6 20. Bc2 Nd5 21. Ne5 Rad8 22. Bb3 g6 23. a4 f6 24. Nd3 Ra8 25. Bxd5 exd5 26. a5 Rae8 27. Re1 Kf7 28. Kf1 Re7 29. Rxe7+ Kxe7 30. Re1+ Kf7 31. Nf4 Bc8 32. h4 Re8 33. Rxe8 Kxe8 34. Ke2 Kf7 35. Ke3 h6 36. f3 g5 37. hxg5 hxg5 38. Nd3 Kg6 39. g4 Bb7 40. Kf2 Bc8 41. Kg3 Bb7 42. f4 Bc8 43. fxg5 Kxg5 44. Nf2 f5 45. Nh3+ Kf6 46. g5+ Kg6 47. Kf4 Bd7 48. Ke5 f4 49. Nxf4+ Kxg5 50. Ne6+ Kg4 51. Nc7 Bc8 52. Kd6 Bb7 53. Ne6 Kf3 54. Nd8 Ba8 55. Nxc6 Ke4 56. Ne7 Kxd4 57. c6 Kc4 58. Nxd5 b4 59. Nb6+ Kb5 60. Nxa8 1-0

[Event "Quart Poblet op 2nd Blitz"]
[Site "Quart de Poblet"]
[Date "2019.08.10"]
[Round "7.7"]
[White "Nieto Tornero, Jose"]
[Black "Martin Ayala, David"]
[Result "0-1"]
[WhiteElo "1932"]
[BlackElo "2058"]
[PlyCount "102"]
[EventDate "2019.08.10"]
[EventType "swiss (blitz)"]
[EventRounds "9"]
[EventCountry "ESP"]
[SourceTitle "EXT 2024"]
[Source "ChessBase"]
[SourceDate "2023.10.10"]
[SourceVersion "1"]
[SourceVersionDate "2023.10.10"]
[SourceQuality "1"]

1. e4 d5 2. Nc3 d4 3. Nb1 e5 4. d3 Nf6 5. Be2 c5 6. Nf3 Nc6 7. 0-0 h6 8. Ne1 c4 9. Nd2 cxd3 10. Bxd3 Bg4 11. f3 Be6 12. Nc4 b5 13. Nd2 a6 14. a4 Qa5 15. Nb3 Bxb3 16. cxb3 b4 17. f4 Nd7 18. fxe5 Ndxe5 19. Be2 Bd6 20. Bf4 0-0 21. Rc1 Qb6 22. Nd3 Nxd3 23. Bxd3 Ne5 24. Bxe5 Bxe5 25. Qh5 Rae8 26. Rc4 Re7 27. Qg4 Qd6 28. Rc8 Bxh2+ 29. Kh1 Be5 30. Rxf8+ Kxf8 31. Rc1 g6 32. Qc8+ Kg7 33. Rc6 Qd7 34. g4 Qxc8 35. Rxc8 Re6 36. Kg2 Rf6 37. Re8 Bf4 38. e5 Re6 39. Rxe6 fxe6 40. Bxa6 Bxe5 41. Bd3 Bc7 42. Kf3 Kf6 43. Be4 Kg5 44. Bd3 h5 45. gxh5 gxh5 46. Ke4 e5 47. a5 Bxa5 48. Kxe5 Bb6 49. Kd5 Kf4 50. Kc4 h4 51. Bf1 Ke3 0-1

[Event "Quart de Poblet op 7th"]
[Site "Quart de Poblet"]
[Date "2019.08.06"]
[Round "3"]
[White "Ventura Monfort, Javier"]
[Black "Martin Ayala, David"]
[Result "0-1"]
[WhiteElo "1678"]
[BlackElo "2109"]
[PlyCount "64"]
[EventDate "2019.08.05"]
[EventType "swiss"]
[EventRounds "9"]
[EventCountry "ESP"]
[SourceTitle "CBM 191 Extra"]
[Source "ChessBase"]
[SourceDate "2019.09.30"]
[SourceVersion "1"]
[SourceVersionDate "2019.09.30"]
[SourceQuality "1"]

1. d4 Nf6 2. c4 g6 3. Nc3 Bg7 4. e4 d6 5. f4 0-0 6. Nf3 c5 7. d5 e6 8. dxe6 fxe6 9. Bd3 Nh5 10. f5 exf5 11. 0-0 f4 12. Bc2 Nc6 13. Qd5+ Kh8 14. a3 Nd4 15. Ba4 Be6 16. Qxb7 Rf7 17. Qa6 Bc8 18. Ng5 Rf8 19. Ne6 Bxe6 20. Bd1 f3 21. Be3 Rb8 22. Rb1 Rb6 23. Qa4 Bd7 24. Qxa7 Nc6 25. Qa4 Bxc3 26. bxc3 Rxb1 27. Qc2 fxg2 28. Rxf8+ Qxf8 29. Kxg2 Bh3+ 30. Kxh3 Qf1+ 31. Kg4 Ne5+ 32. Kg5 Qf6+ 0-1

[Event "Valencia Region-ch"]
[Site "Valencia"]
[Date "2016.11.12"]
[Round "6"]
[White "Folch Zaragoza, Jose"]
[Black "Martin Ayala, David"]
[Result "0-1"]
[WhiteElo "1940"]
[BlackElo "2003"]
[PlyCount "72"]
[EventDate "2016.10.01"]
[EventType "swiss"]
[EventRounds "7"]
[EventCountry "ESP"]
[SourceTitle "EXT 2024"]
[Source "ChessBase"]
[SourceDate "2023.10.10"]
[SourceVersion "1"]
[SourceVersionDate "2023.10.10"]
[SourceQuality "1"]

1. e4 d5 2. e5 Bf5 3. d4 c5 4. Nf3 e6 5. Bb5+ Nc6 6. 0-0 Qb6 7. Bxc6+ bxc6 8. Nh4 Bg6 9. c3 c4 10. Nd2 Bd3 11. Re1 Be7 12. Qg4 g5 13. Nhf3 h5 14. Qg3 g4 15. Nf1 Nh6 16. Nh4 Qd8 17. Bxh6 Rxh6 18. f4 Bxh4 19. Qe3 Bxe1 20. f5 Rh8 21. Rxe1 Bxf5 22. Ng3 Bg6 23. b3 Bd3 24. b4 a5 25. a3 axb4 26. axb4 Ra2 27. Nh1 Rg8 28. Nf2 Qg5 29. Nxd3 Qxe3+ 30. Rxe3 cxd3 31. Rxd3 Ke7 32. c4 dxc4 33. Rc3 Rga8 34. Rxc4 Rd2 35. Rc1 Raa2 36. b5 Rxg2+ 0-1

[Event "Sueca op 2nd"]
[Site "Sueca"]
[Date "2016.07.29"]
[Round "6.7"]
[White "Martin Ayala, David"]
[Black "Alberola Mulet, Jairo"]
[Result "1/2-1/2"]
[WhiteElo "1996"]
[BlackElo "2208"]
[PlyCount "52"]
[EventDate "2016.07.25"]
[EventType "swiss"]
[EventRounds "8"]
[EventCountry "ESP"]
[SourceTitle "EXT 2024"]
[Source "ChessBase"]
[SourceDate "2023.10.10"]
[SourceVersion "1"]
[SourceVersionDate "2023.10.10"]
[SourceQuality "1"]

1. d4 e6 2. Nf3 Nf6 3. Bg5 c5 4. Bxf6 Qxf6 5. c3 b6 6. e3 Bb7 7. Nbd2 g6 8. Bd3 Bg7 9. Ne4 Qe7 10. Bc2 d5 11. Ng3 0-0 12. h4 h6 13. Ne5 Bxe5 14. dxe5 Nd7 15. f4 f5 16. exf6 Qxf6 17. Qg4 Kf7 18. h5 g5 19. 0-0-0 Ke7 20. Rhf1 Rg8 21. Bg6 Raf8 22. Rde1 Kd6 23. Qd1 Kc7 24. Qc2 Rd8 25. Ne2 Rgf8 26. Qd1 Ba6 1/2-1/2

[Event "Valencia Region-ch"]
[Site "Valencia"]
[Date "2015.11.21"]
[Round "7.10"]
[White "Martin Ayala, David"]
[Black "Bixquert Jimenez, Francisco"]
[Result "1-0"]
[WhiteElo "2008"]
[BlackElo "1965"]
[PlyCount "31"]
[EventDate "2015.10.03"]
[EventType "swiss"]
[EventRounds "7"]
[EventCountry "ESP"]
[SourceTitle "EXT 2024"]
[Source "ChessBase"]
[SourceDate "2023.10.10"]
[SourceVersion "1"]
[SourceVersionDate "2023.10.10"]
[SourceQuality "1"]

1. Nf3 Nf6 2. d4 e6 3. Bg5 d5 4. Nbd2 c5 5. c3 Nbd7 6. e3 Be7 7. Bd3 Qc7 8. 0-0 0-0 9. Rc1 b6 10. Re1 Re8 11. e4 dxe4 12. Nxe4 Bb7 13. Bxf6 Nxf6 14. Nfg5 g6 15. Qf3 Nxe4 16. Qxf7+ 1-0

[Event "Valencia Region-ch"]
[Site "Valencia"]
[Date "2015.11.07"]
[Round "5.3"]
[White "Martin Ayala, David"]
[Black "Nieves Cabanes, Javier"]
[Result "0-1"]
[WhiteElo "2008"]
[BlackElo "2190"]
[PlyCount "108"]
[EventDate "2015.10.03"]
[EventType "swiss"]
[EventRounds "7"]
[EventCountry "ESP"]
[SourceTitle "EXT 2024"]
[Source "ChessBase"]
[SourceDate "2023.10.10"]
[SourceVersion "1"]
[SourceVersionDate "2023.10.10"]
[SourceQuality "1"]

1. Nf3 c5 2. c3 d5 3. d4 Nc6 4. Bg5 h6 5. Bh4 Qb6 6. Qb3 cxd4 7. Qxb6 axb6 8. Nxd4 Ra5 9. e3 Nxd4 10. cxd4 e6 11. Bd3 Bd6 12. 0-0 Nf6 13. f3 Bd7 14. Nc3 0-0 15. e4 dxe4 16. fxe4 Rh5 17. Bxf6 gxf6 18. Rxf6 Bxh2+ 19. Kf2 Kg7 20. e5 Bc6 21. Be4 Bxe4 22. Nxe4 Rd8 23. Ke3 Rxd4 24. g4 Rxe4+ 25. Kxe4 Rxe5+ 26. Kf3 Kxf6 27. Rh1 h5 28. Rxh2 hxg4+ 29. Kxg4 Rd5 30. Rc2 Rd7 31. Rc3 Ke7 32. Rb3 Rd6 33. Kf4 f6 34. Rh3 Rd4+ 35. Ke3 Rd7 36. Rh4 e5 37. Rb4 Rd6 38. Rh4 Ke6 39. Rh7 Rd7 40. Rh4 b5 41. Rb4 Rd5 42. Rh4 Rc5 43. Kd3 b6 44. Rh8 Rc6 45. Re8+ Kd5 46. Rd8+ Rd6 47. Rf8 f5 48. Kc3 Ke4 49. Kb4 f4 50. Kxb5 f3 51. b4 Ke3 52. a4 f2 53. a5 bxa5 54. bxa5 Rd1 0-1

[Event "Valencia Region-ch"]
[Site "Valencia"]
[Date "2015.10.17"]
[Round "2.15"]
[White "Martin Ayala, David"]
[Black "Hidalgo Herrera, Antonio"]
[Result "1-0"]
[WhiteElo "2008"]
[BlackElo "1912"]
[PlyCount "89"]
[EventDate "2015.10.03"]
[EventType "swiss"]
[EventRounds "7"]
[EventCountry "ESP"]
[SourceTitle "EXT 2024"]
[Source "ChessBase"]
[SourceDate "2023.10.10"]
[SourceVersion "1"]
[SourceVersionDate "2023.10.10"]
[SourceQuality "1"]

1. e4 e6 2. d4 d5 3. Nd2 Nf6 4. e5 Nfd7 5. Bd3 c5 6. c3 Nc6 7. Ne2 Be7 8. 0-0 0-0 9. Kh1 Qb6 10. Nf3 cxd4 11. cxd4 f6 12. Nf4 Nd8 13. exf6 Nxf6 14. Qe2 Bd6 15. g3 Qc7 16. Bd2 Qe7 17. a3 Nc6 18. Rae1 Bxf4 19. Bxf4 Bd7 20. b4 a6 21. Bb1 Na7 22. Ng5 Nb5 23. Qd3 g6 24. h3 Rac8 25. Rc1 Nd6 26. Rxc8 Rxc8 27. Bxd6 Qxd6 28. Nxh7 Ne4 29. Nf6+ Kg7 30. Nxe4 dxe4 31. Qe3 Rh8 32. h4 e5 33. dxe5 Qxe5 34. Bxe4 Rf8 35. Bg2 Qb2 36. Kg1 b5 37. Rd1 Bf5 38. h5 Qf6 39. hxg6 Bxg6 40. Qd4 Qxd4 41. Rxd4 Rc8 42. Rd7+ Kf6 43. Rd6+ Kf7 44. Rxa6 Rc1+ 45. Kh2 1-0

[Event "Mislata op-B 23rd"]
[Site "Mislata"]
[Date "2015.08.11"]
[Round "2.1"]
[White "Martin Ayala, David"]
[Black "Campos Aucejo, Vicente"]
[Result "0-1"]
[WhiteElo "1955"]
[BlackElo "2098"]
[PlyCount "120"]
[EventDate "2015.08.10"]
[EventType "swiss"]
[EventRounds "9"]
[EventCountry "ESP"]
[SourceTitle "EXT 2024"]
[Source "ChessBase"]
[SourceDate "2023.10.10"]
[SourceVersion "1"]
[SourceVersionDate "2023.10.10"]
[SourceQuality "1"]

1. Nf3 d5 2. d4 Nf6 3. Bg5 g6 4. e3 Bg7 5. Bd3 c6 6. c3 Nbd7 7. Nbd2 0-0 8. h4 Re8 9. Qc2 c5 10. Bxf6 Nxf6 11. Ne5 c4 12. Be2 Bf5 13. Qd1 Nd7 14. Nexc4 dxc4 15. e4 e5 16. exf5 exd4 17. fxg6 d3 18. gxf7+ Kxf7 19. Nxc4 Rxe2+ 20. Kf1 Nc5 21. Rh3 Kg8 22. b4 Ne4 23. Qxd3 Rxf2+ 24. Kg1 Qxd3 25. Rxd3 Rc2 26. Re1 Rxc3 27. Rxc3 Nxc3 28. Re7 b5 29. Nd6 Rf8 30. g3 Nxa2 31. Nxb5 a6 32. Nc7 Bd4+ 33. Kg2 Nxb4 34. Re4 Bb6 35. Ne6 Rf6 36. Ng5 Nd5 37. Re8+ Kg7 38. Re5 Ne3+ 39. Kh3 h6 40. Ne6+ Kf7 41. Nf4 a5 42. h5 Rf5 43. Re4 Nd5 44. Nd3 Rxh5+ 45. Kg2 Nf6 46. Rf4 Rd5 47. Rf3 a4 48. Nf4 Rd2+ 49. Kf1 Rb2 50. Nd3 Rb3 51. Ke2 Ke6 52. Kd1 Nd5 53. g4 Ne3+ 54. Ke2 Nd5 55. Rh3 a3 56. Rxh6+ Kd7 57. Rh7+ Kc6 58. Rh8 a2 59. Ra8 Rb1 60. Ne5+ Kb5 0-1

[Event "Sueca op 1st"]
[Site "Sueca"]
[Date "2015.07.30"]
[Round "4"]
[White "Martin Ayala, David"]
[Black "Uran Bermudez, Oliver Kevin"]
[Result "0-1"]
[WhiteElo "1956"]
[BlackElo "2216"]
[PlyCount "62"]
[EventDate "2015.07.27"]
[EventType "swiss"]
[EventRounds "8"]
[EventCountry "ESP"]
[SourceTitle "EXT 2016"]
[Source "ChessBase"]
[SourceDate "2015.10.08"]
[SourceVersion "1"]
[SourceVersionDate "2015.10.08"]
[SourceQuality "1"]

1. Nf3 c5 2. c3 Nf6 3. d4 e6 4. Bg5 Qb6 5. Qb3 Ne4 6. Be3 Qc7 7. Nbd2 Nxd2 8. Bxd2 d5 9. g3 Nc6 10. Bg2 Bd6 11. 0-0 c4 12. Qc2 f5 13. b3 b5 14. bxc4 bxc4 15. Nh4 0-0 16. f4 Bd7 17. Rab1 Rab8 18. Rxb8 Rxb8 19. Rb1 Rb6 20. Rxb6 axb6 21. Nxf5 exf5 22. Bxd5+ Kh8 23. Bxc4 Ne7 24. Bb3 Bc6 25. d5 Bxd5 26. Be3 Bb7 27. Bd4 Qc6 28. e4 Bc5 29. Qd2 Qxe4 30. Bxc5 Qh1+ 31. Kf2 Qxh2+ 0-1

[Event "Quart de Poblet op 3rd"]
[Site "Quart de Poblet"]
[Date "2015.07.19"]
[Round "3.3"]
[White "Martin Ayala, David"]
[Black "Torres Sanchez, Jose"]
[Result "0-1"]
[WhiteElo "1956"]
[BlackElo "2286"]
[PlyCount "98"]
[EventDate "2015.07.18"]
[EventType "swiss"]
[EventRounds "7"]
[EventCountry "ESP"]
[SourceTitle "EXT 2024"]
[Source "ChessBase"]
[SourceDate "2023.10.10"]
[SourceVersion "1"]
[SourceVersionDate "2023.10.10"]
[SourceQuality "1"]

1. e4 Nf6 2. e5 Nd5 3. Nf3 d6 4. exd6 cxd6 5. d4 g6 6. Bc4 Nb6 7. Bb3 d5 8. 0-0 Bg7 9. a4 0-0 10. c3 Nc6 11. Bg5 h6 12. Bh4 Bf5 13. Nbd2 Rc8 14. a5 Na8 15. Re1 Re8 16. a6 b5 17. Nf1 Nb6 18. Qe2 Nc4 19. Bxc4 bxc4 20. Ne3 Bd3 21. Qd1 g5 22. Bg3 f6 23. h4 e5 24. hxg5 hxg5 25. dxe5 fxe5 26. Qd2 Na5 27. Ra3 Be4 28. Nxg5 Bd3 29. Nf3 Nc6 30. Ng4 Be4 31. Bh4 Qc7 32. Qg5 Re6 33. Qd2 Bd3 34. Bg3 Qe7 35. Ng5 Rg6 36. f4 Rf8 37. b4 Qd7 38. Nf2 exf4 39. Bxf4 d4 40. Nxd3 dxc3 41. Qe2 cxd3 42. Qa2+ Kh8 43. Re6 Rxe6 44. Nxe6 Bd4+ 45. Kf1 Qh7 46. Nxd4 Nxd4 47. g3 Qh1+ 48. Kf2 Rxf4+ 49. gxf4 Qf3+ 0-1

[Event "Valencia Don Quijote Memorial"]
[Site "Valencia"]
[Date "2015.07.10"]
[Round "9"]
[White "Martin Ayala, David"]
[Black "Paris Turegano, Javier"]
[Result "1-0"]
[WhiteElo "1967"]
[BlackElo "1896"]
[PlyCount "59"]
[EventDate "2015.06.30"]
[EventType "tourn"]
[EventRounds "9"]
[EventCountry "ESP"]
[SourceTitle "CBM 167 Extra"]
[Source "ChessBase"]
[SourceDate "2015.09.14"]
[SourceVersion "1"]
[SourceVersionDate "2015.09.14"]
[SourceQuality "1"]

1. e4 c5 2. c3 e6 3. d4 cxd4 4. cxd4 d5 5. exd5 exd5 6. Nf3 Nc6 7. Bb5 Nge7 8. 0-0 g6 9. Bg5 Bg7 10. Re1 Be6 11. Nc3 0-0 12. Rc1 Qd6 13. Qd2 Nf5 14. Bf4 Qd8 15. Bxc6 bxc6 16. Na4 Rc8 17. Nc5 Re8 18. Rc3 Qa5 19. Nxe6 Rxe6 20. Rxe6 fxe6 21. Rxc6 Qd8 22. Rxe6 Rc4 23. Qe2 Qd7 24. Re8+ Bf8 25. Qe5 Ne7 26. Rxf8+ Kxf8 27. Bh6+ Ke8 28. Qh8+ Ng8 29. Qxg8+ Ke7 30. Qf8+ 1-0

[Event "Valencia Don Quijote Memorial"]
[Site "Valencia"]
[Date "2015.07.02"]
[Round "3"]
[White "Penades Ordaz, Victor"]
[Black "Martin Ayala, David"]
[Result "1/2-1/2"]
[WhiteElo "2104"]
[BlackElo "1967"]
[PlyCount "87"]
[EventDate "2015.06.30"]
[EventType "tourn"]
[EventRounds "9"]
[EventCountry "ESP"]
[SourceTitle "CBM 167 Extra"]
[Source "ChessBase"]
[SourceDate "2015.09.14"]
[SourceVersion "1"]
[SourceVersionDate "2015.09.14"]
[SourceQuality "1"]

1. e4 e6 2. d3 b6 3. Nf3 Bb7 4. Nbd2 d5 5. c3 dxe4 6. dxe4 Nf6 7. Bb5+ c6 8. Ba4 b5 9. Bc2 Bc5 10. b4 Bb6 11. a4 bxa4 12. Bxa4 Qd3 13. Qc2 Qxc2 14. Bxc2 0-0 15. 0-0 c5 16. Ba3 Rc8 17. b5 a6 18. bxa6 Bxa6 19. Rfb1 Nbd7 20. h3 Rcb8 21. Bc1 Bc8 22. Rxa8 Rxa8 23. Nc4 Bc7 24. Be3 Ba6 25. Ra1 Bb7 26. Rxa8+ Bxa8 27. Nfd2 Ne5 28. f3 Nfd7 29. Ba4 Nxc4 30. Nxc4 Nb6 31. Bb5 Nxc4 32. Bxc4 Be5 33. Bd2 Kf8 34. Kf2 Ke7 35. Ke3 f5 36. Bd3 fxe4 37. Bxe4 Bd5 38. g4 h6 39. f4 Bd6 40. f5 Bc4 41. fxe6 Bxe6 42. Kf3 g5 43. Be3 Kf6 44. Bf2 1/2-1/2

[Event "Mislata op-B 48th"]
[Site "Mislata"]
[Date "2014.08.13"]
[Round "4"]
[White "Galvez Perez, Jose Luis"]
[Black "Martin Ayala, David"]
[Result "0-1"]
[WhiteElo "1966"]
[BlackElo "2020"]
[PlyCount "57"]
[EventDate "2014.08.11"]
[EventType "swiss"]
[EventRounds "9"]
[EventCountry "ESP"]
[SourceTitle "CBM 161 Extra"]
[Source "ChessBase"]
[SourceDate "2014.08.29"]
[SourceVersion "1"]
[SourceVersionDate "2014.08.29"]
[SourceQuality "1"]

1. b3 e5 2. Bb2 d6 3. e3 Be7 4. c4 Bf6 5. d3 Bf5 6. g4 Bg6 7. Bg2 c6 8. Nc3 Nd7 9. Nge2 Nc5 10. Ne4 Nxe4 11. dxe4 Bh4 12. Ng3 Qa5+ 13. Qd2 Qxd2+ 14. Kxd2 Bxg3 15. hxg3 Nf6 16. f3 0-0-0 17. g5 Nd7 18. Ke2 Rhe8 19. Rae1 Nc5 20. Bh3+ Kc7 21. Bf5 Ne6 22. Bxg6 hxg6 23. Rh7 Nxg5 24. Rxg7 Ra8 25. Rf1 Re7 26. c5 Ne6 27. cxd6+ Kb6 28. Bxe5 Nxg7 29. Bxg7 0-1

[Event "Quart de Poblet op 2nd"]
[Site "Quart de Poblet"]
[Date "2014.07.20"]
[Round "4"]
[White "Ventura Monfort, Javier"]
[Black "Martin Ayala, David"]
[Result "0-1"]
[WhiteElo "1816"]
[BlackElo "2023"]
[PlyCount "78"]
[EventDate "2014.07.19"]
[EventType "swiss"]
[EventRounds "7"]
[EventCountry "ESP"]
[SourceTitle "CBM 161 Extra"]
[Source "ChessBase"]
[SourceDate "2014.08.29"]
[SourceVersion "1"]
[SourceVersionDate "2014.08.29"]
[SourceQuality "1"]

1. d4 e6 2. c4 Nf6 3. Nc3 Bb4 4. Qc2 d5 5. a3 Bxc3+ 6. Qxc3 h6 7. Nf3 b6 8. cxd5 exd5 9. Bf4 Na6 10. Qc6+ Bd7 11. Qb7 Qc8 12. Qxc8+ Rxc8 13. e3 Nb8 14. Ne5 c5 15. Nxd7 Nbxd7 16. Ba6 Rc6 17. Bb5 Re6 18. 0-0 0-0 19. dxc5 bxc5 20. Rfd1 Nb6 21. Rac1 c4 22. a4 a6 23. Bxa6 Nxa4 24. Bb7 Rd8 25. Rxc4 Nxb2 26. Rc8 Rxc8 27. Bxc8 Nxd1 28. Bxe6 fxe6 29. Be5 Ng4 30. Bd4 Ngxf2 31. Kf1 Ne4 32. Ke2 Ndc3+ 33. Kd3 Nb5 34. Be5 Nbd6 35. Ke2 Nc4 36. Bd4 Kf7 37. Kf3 e5 38. Ba7 Ke6 39. Ke2 Kd7 0-1

[Event "Almansa op-A"]
[Site "Almansa"]
[Date "2013.08.06"]
[Round "1.6"]
[White "Sanchez Jerez, Emilio Miguel"]
[Black "Martin Ayala, David"]
[Result "1-0"]
[WhiteElo "2238"]
[BlackElo "2055"]
[PlyCount "47"]
[EventDate "2013.08.06"]
[EventType "swiss"]
[EventRounds "9"]
[EventCountry "ESP"]
[SourceTitle "EXT 2024"]
[Source "ChessBase"]
[SourceDate "2023.10.10"]
[SourceVersion "1"]
[SourceVersionDate "2023.10.10"]
[SourceQuality "1"]

1. e4 e5 2. Nf3 Nc6 3. Bc4 Be7 4. d4 exd4 5. Nxd4 Ne5 6. Be2 Nf6 7. f4 Nxe4 8. fxe5 Bb4+ 9. c3 Qh4+ 10. g3 Nxg3 11. Nf3 Qh3 12. Rg1 Nxe2 13. Qxe2 Bf8 14. Nbd2 b6 15. Ne4 Bb7 16. Rg3 Qf5 17. Neg5 Qg6 18. Nd4 0-0-0 19. Nge6 dxe6 20. Rxg6 hxg6 21. Bg5 Rd5 22. 0-0-0 f6 23. exf6 gxf6 24. Qxe6+ 1-0

[Event "Mislata op-B 20th"]
[Site "Mislata"]
[Date "2012.08.19"]
[Round "9"]
[White "Martin Ayala, David"]
[Black "Gimenez Sanchis, Francisco Andres"]
[Result "0-1"]
[WhiteElo "2060"]
[BlackElo "2020"]
[PlyCount "79"]
[EventDate "2012.08.13"]
[EventType "swiss"]
[EventRounds "9"]
[EventCountry "ESP"]
[SourceTitle "EXT 2013"]
[Source "ChessBase"]
[SourceDate "2012.11.22"]
[SourceVersion "1"]
[SourceVersionDate "2012.11.22"]
[SourceQuality "1"]

1. e4 e6 2. d4 d5 3. exd5 exd5 4. Nf3 Nf6 5. h3 Bd6 6. Be3 Bf5 7. Bd3 Qd7 8. c3 Nc6 9. Qc2 Bxd3 10. Qxd3 0-0-0 11. Nbd2 Rhe8 12. 0-0 h6 13. c4 dxc4 14. Nxc4 Nd5 15. Rac1 Bf4 16. Qa3 Qe7 17. Qxe7 Rxe7 18. Rfe1 Nxe3 19. fxe3 Bg3 20. Red1 Nb4 21. Nh2 Bxh2+ 22. Kxh2 b5 23. Ne5 f6 24. a3 fxe5 25. axb4 exd4 26. exd4 Red7 27. Rc5 Rxd4 28. Rdc1 R8d7 29. Rxb5 a6 30. Ra5 Rxb4 31. Rc2 Kb7 32. Re5 Rbd4 33. Ree2 R4d6 34. Kg3 Rc6 35. Kf4 Rxc2 36. Rxc2 Rd5 37. Ke4 c6 38. Re2 Kb6 39. b4 h5 40. Rf2 0-1

[Event "Valencia Manises-B"]
[Site "Valencia"]
[Date "2012.05.13"]
[Round "6"]
[White "Gimeno Martos, Roberto"]
[Black "Martin Ayala, David"]
[Result "1-0"]
[WhiteElo "2138"]
[BlackElo "2063"]
[PlyCount "117"]
[EventDate "2012.05.05"]
[EventType "tourn"]
[EventRounds "9"]
[EventCountry "ESP"]
[SourceTitle "EXT 2014"]
[Source "ChessBase"]
[SourceDate "2013.11.20"]
[SourceVersion "1"]
[SourceVersionDate "2013.11.20"]
[SourceQuality "1"]

1. g3 e5 2. Bg2 c6 3. d3 d5 4. Nd2 Nf6 5. e4 Bc5 6. h3 dxe4 7. Nxe4 Nxe4 8. Bxe4 f5 9. Bg2 0-0 10. Be3 Bxe3 11. fxe3 Qb6 12. Qc1 Nd7 13. Ne2 Nf6 14. 0-0 Be6 15. c3 Rad8 16. d4 Bc4 17. Re1 Nh5 18. Kh2 Qc7 19. Bf3 Bxe2 20. Bxe2 Nxg3 21. Bc4+ Kh8 22. Kxg3 exd4+ 23. Kf3 b5 24. Bd3 dxe3 25. Qxe3 Qd7 26. Rad1 Qd5+ 27. Kf2 Qxa2 28. Bb1 Qf7 29. Rxd8 Rxd8 30. Qg5 Rg8 31. Qxf5 Rf8 32. Qxf7 Rxf7+ 33. Kg3 g6 34. Re8+ Kg7 35. Rc8 Rf1 36. Be4 Rg1+ 37. Kf2 Ra1 38. Ke3 Re1+ 39. Kd4 Re2 40. b4 Rd2+ 41. Kc5 Re2 42. Bxc6 Re3 43. Kd4 Rxh3 44. Bxb5 Rh4+ 45. Kc5 Rh5+ 46. Kc6 Kf6 47. c4 g5 48. Rg8 Rh1 49. Ba6 Ra1 50. b5 h5 51. Bc8 g4 52. c5 Rb1 53. Bd7 Kf7 54. Rg5 Kf6 55. Rxh5 g3 56. Rf5+ Kg6 57. Rf3 Rg1 58. Bh3 Kg5 59. Rf1 1-0